Les départements français à partir de leur numéro - Statistiques

Statistiques générales
  • Ce quiz a été pris 68 fois
  • Le résultat moyen est 70 sur 101
Statistiques - réponses
Hint Réponse % Correct
01 ain
100%
02 Aisne
96%
2A corse du sud
96%
2B haute corse
96%
09 ariège
92%
13 bouches du rhone
92%
03 allier
88%
06 alpes maritimes
88%
10 aube
88%
11 aude
88%
04 alpes de haute Provence
85%
07 ardèche
85%
12 Aveyron
85%
14 calvados
85%
16 charente
85%
17 charente maritime
85%
69 rhone
85%
15 cantal
81%
25 doubs
81%
28 eure et loir
81%
29 finistère
81%
05 Hautes alpes
81%
08 ardennes
77%
22 cote d'armor
77%
21 cote d'or
77%
23 creuse
77%
27 eure
77%
42 loire
77%
59 nord
77%
75 paris
77%
93 seine saint denis
77%
19 Corrèze
73%
24 dordogne
73%
43 haute loire
73%
35 ille et vilaine
73%
36 indre
73%
37 indre et loire
73%
38 isère
73%
39 jura
73%
60 oise
73%
18 cher
69%
30 gard
69%
33 gironde
69%
31 haute garonne
69%
74 haute savoie
69%
44 loire atlantique
69%
50 manche
69%
61 orne
69%
62 pas de calais
69%
73 savoie
69%
77 seine et marne
69%
83 var
69%
84 vaucluse
69%
67 bas rhin
65%
26 drome
65%
32 gers
65%
68 haut rhin
65%
34 hérault
65%
974 la réunion
65%
45 Loiret
65%
54 Meurthe et moselle
65%
57 moselle
65%
76 seine maritime
65%
94 val de marne
65%
78 yvelines
65%
971 guadeloupe
62%
92 hauts de seine
62%
41 loir et cher
62%
46 lot
62%
51 marne
62%
972 martinique
62%
975 mayotte
62%
58 nièvre
62%
63 puy de dome
62%
64 pyrénées atlantiques
62%
72 sarthe
62%
80 somme
62%
90 Territoire de Belfort
62%
95 val d'oise
62%
89 yonne
62%
973 guyane
58%
52 haute marne
58%
65 hautes pyrénées
58%
40 landes
58%
47 lot et Garonne
58%
48 lozère
58%
49 maine et loire
58%
53 mayenne
58%
55 meuse
58%
56 morbihan
58%
88 vosges
58%
91 essonne
54%
70 haute saone
54%
71 saone et loire
54%
81 tarn
54%
82 tarn et garonne
54%
85 vendée
54%
87 haute vienne
46%
86 vienne
46%
79 deux sevres
42%
66 pyrénées oriantales
0%
Aucun quiz correspondant
Distribution des résultats
% des personnes avec chaque résultat
Percentile par nombre de réponses
Votre historique - résultats
Vous n’avez pas pris ce quiz